| 000 | 00808nam a2200181 i 4500 | ||
|---|---|---|---|
| 001 | 174962 | ||
| 003 | ES-MaACL | ||
| 005 | 20230906215716.0 | ||
| 008 | 100827s1888 gw |||| | spa d | ||
| 080 | _a908.83 | ||
| 245 | 0 | 0 |
_aChile i las ventajas que ofrece a los emigrantes europeos : _bdetalles jeograficos i estadisticos i las colonias situadas en la Araucania [sic]. |
| 260 |
_aLeipzig : _b[s.n.], _c1888 ( _fImp. de Fischer & Wittig) |
||
| 300 |
_a1 h. de plano pleg. con el texto en el reverso ; _c35 cm. |
||
| 594 | _aPrecede al tít.: Publicacion oficial de la Ajencia Jeneral del gobierno de Chile en Europa para la emigracion i colonizacion [sic] | ||
| 594 | _aSe ha respetado la ortografía original (fonetismo) | ||
| 651 | 4 |
_aChile- _xDescripción. _9143280 |
|
| 852 |
_aES-MaACL _jT-501-F-12 |
||
| 999 |
_c174962 _d174962 |
||